[Вып. 17]; Модификация полимерных материалов

Detaylı Bibliyografya
Parent link:Модификация полимерных материалов: сборник научных трудов/ Рижский политехнический институт. [Вып. 17].— , 1967-
Dil:Rusça
Baskı/Yayın Bilgisi: 1989
Konular:
Materyal Türü: MixedMaterials Kitap
KOHA link:https://koha.lib.tpu.ru/cgi-bin/koha/opac-detail.pl?biblionumber=255872

MARC

LEADER 00000nam2a2200000 4500
001 255872
005 20231101233050.0
035 |a (RuTPU)RU\TPU\book\278487 
035 |a RU\TPU\book\44266 
035 |a RU\TPU\book\44262 
035 |a RU\TPU\book\44264 
090 |a 255872 
100 |a 20140403d1989 k y0rusy50 ca 
101 0 |a rus 
102 |a LV 
105 |a a z 001zy 
200 0 |a [Вып. 17]  |f отв. за вып. М. М. Калнинь 
210 |d 1989 
215 |a 121 с.  |c ил. 
320 |a Библиогр. в конце ст. 
461 1 |0 (RuTPU)RU\TPU\book\44247  |t Модификация полимерных материалов  |o сборник научных трудов  |f Рижский политехнический институт  |v [Вып. 17]  |d 1967-  
606 1 |a Полимеры  |x Производство  |2 stltpush  |3 (RuTPU)RU\TPU\subj\67386  |9 83210 
610 1 |a сборники 
675 |a 678.02  |v 3 
801 1 |a RU  |b 63413507  |c 20020918  |g PSBO 
801 2 |a RU  |b 63413507  |c 20140704  |g PSBO 
942 |c BK